Chile: una economía difícil

Guardado en:
Detalles Bibliográficos
Autor principal: Pinto, Aníbal (Autor)
Formato: Libro
Lenguaje:español
Publicado: Ciudad de México Fondo de Cultura Económica 1964
Edición:1a. ed
Materias:
Etiquetas: Agregar Etiqueta
Sin Etiquetas, Sea el primero en etiquetar este registro!

MARC

LEADER 00000cam a2200000 a 4500
001 UCX2325
003 CL-VaPUC
008 910423e19640000MX |||||||||||||||||spa|d
082 0 4 |a 338  |b PIN  |2 21 
100 0 |a Pinto, Aníbal  |e author  |9 318216 
245 1 0 |a Chile: una economía difícil 
250 |a 1a. ed 
300 |a 184 p 
942 |c BK 
945 |d 19910423 00:00:00 
260 |a Ciudad de México  |b Fondo de Cultura Económica  |c 1964 
650 0 |a Economía   |9 255568 
650 0 |a Política económica   |9 255029 
651 7 |a CHILE  |2 CL-VaPUC  |9 318217 
583 |a last modification  |c 20150602 04:10:37  |k Rodrigo Vera 
999 |c 223368  |d 223366 
952 |0 0  |1 0  |4 0  |6 338_000000000000000_PIN_1964  |7 0  |8 A  |9 219097  |a BIBHIS  |b BIBHIS  |d 2019-11-15  |i 2878720  |o 338 PIN 1964  |p 2878720  |r 2025-01-20  |w 2019-11-15  |y BK  |k HIS 
952 |0 0  |1 0  |4 0  |6 338_000000000000000_PIN_1964  |7 0  |8 A  |9 219098  |a BIBHIS  |b BIBHIS  |d 2019-11-15  |i 2878739  |o 338 PIN 1964  |p 2878739  |r 2025-01-20  |w 2019-11-15  |y BK  |k HIS 
952 |0 0  |1 0  |4 0  |6 338_000000000000000_PIN_1964  |7 0  |8 A  |9 219099  |a BIBENE  |b BIBENE  |d 2019-11-15  |i 2878747  |o 338 PIN 1964  |p 2878747  |r 2025-01-15  |w 2019-11-15  |y BK  |k ICO 
952 |0 0  |1 0  |4 0  |6 338_000000000000000_PIN_1964  |7 0  |8 A  |9 219100  |a BIBENE  |b BIBENE  |d 2019-11-15  |i 2878755  |o 338 PIN 1964  |p 2878755  |r 2025-01-15  |w 2019-11-15  |y BK  |k ICO 
952 |0 0  |1 0  |4 0  |6 338_000000000000000_PIN_1964  |7 0  |8 A  |9 219101  |a BIBENE  |b BIBENE  |d 2019-11-15  |i 2878763  |o 338 PIN 1964  |p 2878763  |r 2025-01-15  |w 2019-11-15  |y BK  |k ICO 
952 |0 0  |1 0  |4 0  |6 338_000000000000000_PIN_1964  |7 0  |8 A  |9 219102  |a BIBDER  |b BIBDER  |d 2019-11-15  |i 1821865  |o 338 PIN 1964  |p 1821865  |r 2023-01-25  |w 2019-11-15  |y BK  |k DER 
952 |0 0  |1 0  |4 0  |6 338_000000000000000_PIN_1964  |7 0  |8 A  |9 219103  |a BIBGIM  |b BIBGIM  |d 2019-11-15  |i 4076982  |o 338 PIN 1964  |p 4076982  |r 2025-01-15  |w 2019-11-15  |y BK  |k GIM 
952 |0 0  |1 0  |4 0  |6 338_000000000000000_PIN_1964  |7 0  |8 A  |9 219104  |a BIBGIM  |b BIBGIM  |d 2019-11-15  |i 4143965  |o 338 PIN 1964  |p 4143965  |r 2025-01-15  |w 2019-11-15  |y BK  |k GIM 
952 |0 0  |1 0  |3 erb  |4 0  |6 338_000000000000000_PIN_1964  |7 0  |8 A  |9 219105  |a BIBHIS  |b BIBHIS  |i 5162548  |o 338 PIN 1964  |p 5162548  |r 2025-01-20  |w 2019-11-15  |y BK  |z Catalogado en:20150605  |k HIS